Central Library OPAC University of Rajshahi

সাহিত্য-বিচার / (Record no. 52844)

MARC details
000 -LEADER
fixed length control field 00932nam a2200229 a 4500
001 - CONTROL NUMBER
control field 52844
003 - CONTROL NUMBER IDENTIFIER
rucl marc code BD-RjUL
005 - DATE AND TIME OF LATEST TRANSACTION
control field 20211209075852.0
008 - FIXED-LENGTH DATA ELEMENTS--GENERAL INFORMATION
fixed length control field 160927s1966 ii ||||| |||| 00| 0 ben d
035 ## - SYSTEM CONTROL NUMBER
System control number (BD-RjUL)52964
040 ## - CATALOGING SOURCE
Original cataloging agency BD-RjUL
Language of cataloging ben
Transcribing agency BD-RjUL
041 ## - LANGUAGE CODE
Language code of text/sound track or separate title ben
082 ## - DEWEY DECIMAL CLASSIFICATION NUMBER
Edition number 23
Classification number 891.4409
Author mark and year MAS 1966
100 ## - MAIN ENTRY--PERSONAL NAME
Personal name মজুমদার, মোহিতলাল
9 (RLIN) 118516
245 10 - TITLE STATEMENT
Title সাহিত্য-বিচার /
Statement of responsibility, etc. মোহিতলাল মজুমদার
250 ## - EDITION STATEMENT
Edition statement বিদ্যোদয় সং.
260 ## - PUBLICATION, DISTRIBUTION, ETC. (IMPRINT)
Place of publication, distribution, etc. কলিকাতা :
Name of publisher, distributor, etc. বিদ্যোদয় লাইব্রেরী,
Date of publication, distribution, etc. ১৯৬৬ [১৩৭৩]
300 ## - PHYSICAL DESCRIPTION
Pagination ২০২ পৃ. ;
Size ২১ সেমি.
650 ## - SUBJECT ADDED ENTRY--TOPICAL TERM
Topical term or geographic name as entry element বাংলা সাহিত্য
General subdivision ইতিহাস ও সমালোচনা
9 (RLIN) 158019
Topical term or geographic name as entry element Bengali Literature
General subdivision History & Criticism
9 (RLIN) 158020
942 ## - ADDED ENTRY ELEMENTS (KOHA)
Source of classification or shelving scheme Dewey Decimal Classification
Koha item type Books
Holdings
Lost status Source of classification or shelving scheme Damaged status Not for loan Collection code Permanent Location Current Location Shelving location Date acquired Source of acquisition Total Checkouts Full call number Date last seen Copy number Koha item type Cost, normal purchase price
  Dewey Decimal Classification     Non-fiction Central Library, University of Rajshahi Central Library, University of Rajshahi   20/09/1973 K.P. Bagchi and co. india   B 891.4409 MAS 1966 27/09/2016 C-2 Books  
  Dewey Decimal Classification     Non-fiction Central Library, University of Rajshahi Central Library, University of Rajshahi   04/09/1973 Indian High Commission   B 891.4409 MAS 1966 28/09/2016 C-3 Books  
  Dewey Decimal Classification     Non-fiction Central Library, University of Rajshahi Central Library, University of Rajshahi   11/11/1974 johanthan wren and co.   B 891.4409 MAS 1966 17/10/2016 C-4 Books 8.50
  Dewey Decimal Classification     Non-fiction Central Library, University of Rajshahi Central Library, University of Rajshahi   10/03/1973 Mahiuddin and sons, Rajshahi   B 891.4409 MAS 1966 06/11/2016 C-5 Books 11.05
  Dewey Decimal Classification     Non-fiction Central Library, University of Rajshahi Central Library, University of Rajshahi   10/03/1973 Mahiuddin and sons, Rajshahi   B 891.4409 MAS 1966 06/12/2016 C-6 Books 11.05